Guía para el uso de la palabra /
I tiakina i:
| Kaituhi matua: | |
|---|---|
| Hōputu: | Pukapuka |
| Reo: | Pāniora |
| I whakaputaina: |
Barcelona, España :
Serbal,
1982, c1982
|
| Rangatū: | (Libros de Base ;
3) |
| Ngā marau: | |
| Ngā Tūtohu: |
Kāore He Tūtohu, Me noho koe te mea tuatahi ki te tūtohu i tēnei pūkete!
|
MARC
| LEADER | 00000nam^a2200000^a^4500 | ||
|---|---|---|---|
| 001 | 000182865 | ||
| 005 | 20250521000000.0 | ||
| 009 | 20260310102020.945 | ||
| 020 | |a 84-8580015-X | ||
| 037 | |a Acervo ITESO - Biblioteca | ||
| 041 | |a ESP | ||
| 082 | |a 302. 22131 |b MAU | ||
| 100 | |a Mauro, Tullio de |e (autor) | ||
| 245 | 1 | 0 | |a Guía para el uso de la palabra / |c T. de Mauro ; tr. por Marco Aurelio Galmarini. |
| 264 | 4 | |a Barcelona, España : |b Serbal, |c 1982, c1982 | |
| 300 | |a 144 p. | ||
| 336 | |a texto |b txt |2 rdacontenido | ||
| 337 | |a sin mediación |b n |2 rdamedio | ||
| 338 | |a volumen |b nc |2 rdasoporte | ||
| 440 | 1 | |a (Libros de Base ; |v 3) | |
| 500 | |a Traducción de: Guida all’uso delle parole | ||
| 649 | |a XX | ||
| 650 | |a Discurso | ||
| 650 | |a Signo | ||
| 650 | |a Comunicación Escrita | ||
| 650 | |a Comunicación Oral | ||
| 650 | |a Comunicación Verbal | ||
| 650 | |a Comunicación Personal | ||
| 650 | |a Lenguaje y Lenguas | ||
| 650 | |a Lingüística | ||
| 910 | |a Fondo General | ||
| 920 | |a Impresos - Libros | ||
| 930 | |a Colección General | ||
| 905 | |a 101 | ||
| 901 | |a 0500123167 |b IT1 |c ACC |u 20250521 | ||
| 902 | |a https://opac.biblio.iteso.mx/vufind/Record/000182865 | ||